El apio: técnicas de cultivo
Furkejuvvon:
| Váldodahkkit: | , |
|---|---|
| Materiálatiipa: | Girji |
| Giella: | espánnjágiella |
| Almmustuhtton: |
Madrid
Mundi-Prensa
1991
|
| Ráidu: | Agroguías Mundi-Prensa
|
| Fáttát: | |
| Fáddágilkorat: |
Lasit fáddágilkoriid
Eai fáddágilkorat, Lasit vuosttaš fáddágilkora!
|
MARC
| LEADER | 00000nam a2200000 a 4500 | ||
|---|---|---|---|
| 001 | UCM7904 | ||
| 003 | CL-VaPUC | ||
| 005 | 20241115124331.0 | ||
| 008 | 030110e19910000SP |||||||||||||||||spa|d | ||
| 999 | |c 302552 |d 302550 | ||
| 040 | |c Pontificia Universidad Católica de Valparaíso | ||
| 082 | 0 | 4 | |a 635.53 |b MAR |2 21 |
| 100 | |a Maroto Borrego, José Vicente |e autor |9 559405 | ||
| 245 | 1 | 3 | |a El apio: técnicas de cultivo |
| 260 | |a Madrid |b Mundi-Prensa |c 1991 | ||
| 300 | |a 108 p | ||
| 490 | 0 | |a Agroguías Mundi-Prensa | |
| 583 | |a last modification |c 20030110 00:00:00 |k Rodrigo Vera | ||
| 650 | 0 | |a Apio (Apium graveolens) |9 404776 | |
| 650 | 0 | |a Apio |9 893867 |x Cultivo | |
| 650 | 0 | |a Fisiología |9 893870 |x Hortalizas | |
| 650 | 0 | |a Producción de cultivos |9 405839 | |
| 650 | 0 | |a Fertilización vegetal |9 893872 | |
| 700 | 0 | |a Pascual España, B |e author |9 473694 | |
| 942 | |c BK |2 ddc | ||
| 945 | |d 20030110 00:00:00 |a lriquelm | ||
| 952 | |0 0 |1 0 |4 0 |6 635_530000000000000_MAR_1991 |7 0 |8 A |9 363215 |a BIBAGR |b BIBAGR |d 2019-11-21 |i 3873404 |o 635.53 MAR 1991 |p 3873404 |r 2025-01-20 |w 2019-11-21 |y BK |k AGR | ||